000 00681nam a2200241Ia 4500
003 OSt
005 20220928102451.0
006 a|||||r|||| 00| 0
007 ta
008 220927b |||||||| |||| 00| 0 hin d
020 _c300
024 _a124746
037 _b60, 05/11/2014, Literacy House
_cTextual
040 _aSDCL
_cSDCL
_bhin
041 _2hin
_ahin
082 _aO152,L:g, Q3
245 0 _aMadhykaalin sant-sahity me saamajik samarsata ka swar
260 _aDelhi
_bSaahity sahkaar
_c2013
300 _a160p.
_ccm.
650 _aHindi
_9391598
942 _hO152,L:g, Q3
_cTEXL
_2CC
999 _c714312
_d714312